Complete Works of William Shakespeare (Record no. 5029)

000 -LEADER
fixed length control field 00463 a2200157 4500
020 ## - INTERNATIONAL STANDARD BOOK NUMBER
International Standard Book Number 1855359973
082 ## - DEWEY DECIMAL CLASSIFICATION NUMBER
Classification number 822.33 SHA
090 ## - LOCALLY ASSIGNED LC-TYPE CALL NUMBER (OCLC); LOCAL CALL NUMBER (RLIN)
-- 1066
-- 1066
100 ## - MAIN ENTRY--PERSONAL NAME
Personal name Shakespeare, William.
245 ## - TITLE STATEMENT
Title Complete Works of William Shakespeare
Statement of responsibility, etc. William Shakespeare,
260 ## - PUBLICATION, DISTRIBUTION, ETC.
Place of publication, distribution, etc. Scotland:
Name of publisher, distributor, etc. Geddes Grosset,
Date of publication, distribution, etc. 2001.
300 ## - PHYSICAL DESCRIPTION
Extent 736 p. ;
Dimensions 27 cm.
500 ## - GENERAL NOTE
General note Includes Index
650 ## - SUBJECT ADDED ENTRY--TOPICAL TERM
Topical term or geographic name entry element Shakespeare, William, 1564-1616--Stories, plots, etc.
942 ## - ADDED ENTRY ELEMENTS (KOHA)
Koha item type Book
Call number prefix 822.33 SHA
Holdings
Withdrawn status Lost status Damaged status Not for loan Collection code Permanent Location Current Location Shelving location Date acquired Source of acquisition Cost, normal purchase price Total Checkouts Total Renewals Full call number Barcode Date last seen Date last checked out Price effective from Koha item type
          Central Library (CL) Central Library (CL) General Stacks 03/31/2003 Progressive International Agencies 492.57 2 1 822.33 SHA SEECS003307 06/15/2023 10/26/2015 01/05/2017 Book
© 2023 Central Library, National University of Sciences and Technology. All Rights Reserved.